00764nam a2200241Ia 4500003000400000005001700004008004100021020001500062040000700077041000800084082001900092100002900111245004300140260004400183300001500227365001400242650001900256650002200275906004800297942001200345999001900357952014600376OSt20230417102616.0210423s2009 xx 000 0 und d a8176466433 cAL aeng a070.1 PRAK223 aPRASAD (Kiran),Ed989116 aE-Journalism: new media and news media aDelhibB R Publishing Corporationc2009 axi,388bPB b1250cINR aGeneral989117 aMass Media989118 aE-Journalism: ; media ; media. ; new ; news 2ddccBK c159401d159401 001040708MAJMCaSACPGbSACPGd2011-03-16eAthulya Booksg1250.00l1o070.1 PRAKpPG005879r2022-11-02 00:00:00s2022-10-29w2021-04-26yBK